000 00529nam a2200205Ia 4500
003 OSt
005 20230403145339.0
008 210423s2014 xx 000 0 und d
020 _a978-93-82665-15-1
040 _cAL
041 _aeng
082 _a823.914
_223
_bTHOO
100 _aTHORAT (Siddhartha)
_982688
245 _aOperation fox hunt
260 _aNew Delhi
_bSrishti Book Distributors
_c2014
300 _axx,188
_bPB
650 _aEnglish Fiction
_982689
906 _afox ; hunt ; Operation
942 _2ddc
_cBK
999 _c169112
_d169112